[Event "TCh-ESP Div 2"]
[Site "Vila Real ESP"]
[Date "2001.08.13"]
[Round "1"]
[White "Vehi Bach,V"]
[Black "Gonzalez Menendez,I"]
[Result "1/2-1/2"]
[WhiteElo "2450"]
[BlackElo "2197"]

1.e4 c5 2.Nf3 e6 3.d4 cxd4 4.Nxd4 a6 5.Nc3 b5 6.Bd3 Qb6 7.Nb3 Qc7 8.O-O Nf6
9.Qe2 d6 10.Bf4 Nbd7 11.Rad1 e5 12.Bg5 Be7 13.a3 h6 14.Be3 Nb6 15.Nd2 O-O
16.h3 Be6 17.Bxb6 Qxb6 18.Rfe1 Rfe8 19.Nf1 Bf8 20.Qf3 Qb7 21.Ne3 Rac8 22.Ng4 Nd7
23.Qg3 g6 24.Nd5 Bxd5 25.exd5 Bg7 26.f4 Qxd5 27.f5 e4 28.Bxe4 Bd4+ 29.Kh1 Rxe4
30.Rxe4 Qxe4 31.fxg6 Be5 32.gxf7+ Kh7 33.Qh4 Qf4 34.Qe7 Nf8 35.Qe8 Qf5 36.Nxe5 dxe5
37.Re1 Qe6 38.Rxe5 Qc4 39.Re2 Ng6 40.b3 Qc5 41.Rd2 Qf5  1/2-1/2

[Event "I American Continental"]
[Site "Cali COL"]
[Date "2001.08.14"]
[Round "5"]
[White "Castillo,D"]
[Black "Cuartas,C"]
[Result "0-1"]
[WhiteElo "2075"]
[BlackElo "2302"]

1.e4 c5 2.Nf3 e6 3.d4 cxd4 4.Nxd4 a6 5.Nc3 Qc7 6.a3 Nf6 7.Be2 b5 8.Bd2 Bb7
9.Bf3 Nc6 10.Nxc6 Bxc6 11.O-O h5 12.Re1 Bd6 13.h3 Bh2+ 14.Kh1 Be5 15.Rb1 d6
16.Na2 Rc8 17.Nb4 Bb7 18.c3 a5 19.Nd3 Qc4 20.Qe2 Ng4 21.b3 Qxd3 22.Bxg4 Qxe2
23.Bxe2 Bxc3 24.Bxb5+ Ke7 25.Bxc3 Rxc3 26.Bc4 Rc8 27.f3 Rc2 28.a4 g5 29.Rbc1 Rxc1
30.Rxc1 d5 31.exd5 exd5 32.Re1+ Kd6 33.Bb5 Rc3 34.Rb1 d4 35.Kg1 Kc5 36.Bc4 f6
37.Re1 Bd5 38.Re8 Bxc4 39.Rc8+ Kb4 40.Rb8+ Ka3 41.bxc4 Rxc4 42.Rb6 Kxa4 43.Rxf6 Kb3
44.Rb6+ Rb4  0-1

[Event "Faakersee Open"]
[Site "Latschach AUT"]
[Date "2001.08.14"]
[Round "5"]
[White "Drinovec,A"]
[Black "Martinovic,S"]
[Result "0-1"]
[WhiteElo "2172"]
[BlackElo "2436"]

1.e4 c5 2.Nf3 e6 3.d4 cxd4 4.Nxd4 a6 5.Nc3 b5 6.Bd3 Qb6 7.Be3 Bc5 8.Nce2 Nf6
9.c3 Qc7 10.f3 O-O  0-1

[Event "TCh-Rep. Srpska"]
[Site "Jahorina BIH"]
[Date "2001.08.16"]
[Round "6"]
[White "Benderac,S"]
[Black "Pikula,D"]
[Result "1/2-1/2"]
[WhiteElo "2365"]
[BlackElo "2458"]

1.e4 c5 2.Nf3 e6 3.d4 cxd4 4.Nxd4 a6 5.Nc3 Qc7 6.Be2 Nc6 7.O-O b5 8.Nxc6 dxc6
9.a4 Rb8 10.axb5 cxb5 11.e5 Qxe5 12.g3 Qc5 13.Bf4 Qb6 14.Bf3 Bc5 15.Bxb8 Qxb8
16.Ne4 Be7 17.Qd4 Nf6 18.Nxf6+ gxf6 19.c4 bxc4 20.Qxc4 O-O 21.Qg4+ Kh8 22.Qh4 Bb7
23.Bxb7 Qxb7 24.Qc4 Qxb2 25.Rxa6 f5 26.Ra7  1/2-1/2

[Event "TCh-Rep. Srpska"]
[Site "Jahorina BIH"]
[Date "2001.08.16"]
[Round "6"]
[White "Stojanovic,Da"]
[Black "Podinic,V"]
[Result "1-0"]
[WhiteElo "2366"]
[BlackElo "2369"]

1.e4 c5 2.Nf3 e6 3.d4 cxd4 4.Nxd4 a6 5.Nc3 Qc7 6.Be2 b5 7.O-O Bb7 8.Bf3 Nc6
9.Nxc6 Bxc6 10.Re1 b4 11.Nd5 Qb7 12.Bf4 d6 13.c3 bxc3 14.bxc3 Rb8 15.Qd3 e5
16.Rab1 Bxd5 17.Rxb7 Bxb7 18.Rb1 exf4 19.e5 Be7 20.Bxb7 Rd8 21.Bc6+ Kf8 22.exd6 Bf6
23.d7 g6 24.Qxa6 Ne7 25.a4 Kg7 26.Qc4 Nxc6 27.Qxc6 Ra8 28.c4 Rhd8 29.c5 Ra7
30.Rb7 Ra5 31.h3 Be7 32.Qe4 Bxc5 33.Qe5+ Kf8 34.Qc7  1-0

[Event "TCh-ESP Div 2"]
[Site "Vila Real ESP"]
[Date "2001.08.16"]
[Round "4"]
[White "Garbisu de Goni,U"]
[Black "Pavia Miralles,J"]
[Result "1/2-1/2"]
[WhiteElo "2414"]
[BlackElo "2280"]

1.e4 c5 2.Nf3 e6 3.d4 cxd4 4.Nxd4 a6 5.Nc3 b5 6.Bd3 Bb7 7.O-O d6 8.a3 Nf6
9.f4 Nbd7 10.Kh1 Be7 11.Qe1 Qc7 12.Nf3 Rc8 13.Bd2 O-O 14.b4 Rfe8 15.Qg3 e5
16.fxe5 Nxe5 17.Nxe5 dxe5 18.Rae1 g6 19.Qf3 Rf8 20.Nd1 Nh5 21.Bh6 Ng7 22.Qh3 Rce8
23.Ne3 Bc8 24.Qf3 Bh4 25.g3 Be7  1/2-1/2

[Event "I American Continental"]
[Site "Cali COL"]
[Date "2001.08.17"]
[Round "8"]
[White "Mosquera,M"]
[Black "Barrios,F"]
[Result "1-0"]
[WhiteElo "2344"]
[BlackElo "2238"]

1.e4 c5 2.Nf3 e6 3.d4 cxd4 4.Nxd4 a6 5.Nc3 Qc7 6.Be2 Nf6 7.O-O Bb4 8.Qd3 Nc6
9.Nxc6 bxc6 10.f4 d5 11.b3 a5 12.Qg3 Qa7+ 13.Kh1 Qd4 14.Bb2 Nxe4 15.Nxe4 Qxb2
16.Rab1 Qxc2 17.Bd3 Qxa2 18.Qxg7 Rf8 19.Nf6+ Ke7 20.Nxh7 Bb7 21.Nxf8 Rxf8
22.f5 e5 23.Qxe5+ Kd7 24.f6 Bd6 25.Qb2 Qxb2 26.Rxb2 c5 27.Re1 Bc6 28.Ra2 a4
29.bxa4 c4 30.Be2 Rh8 31.h3 Kc7 32.a5 Bc5 33.Kh2 Bd6+ 34.Kg1 Bc5+ 35.Kf1 Rh6
36.a6 Rxf6+ 37.Bf3 c3 38.a7 Ba8 39.Rc1 Bd4 40.Ra4 Be5 41.Ke2 Rb6 42.Kd3 Rb3
43.Rc2 Kb6 44.Rca2 Kc7 45.Ra5 Rb1 46.Rxd5 Bxd5 47.Bxd5 Rd1+ 48.Ke2  1-0

[Event "Rubinstein Open"]
[Site "Polanica Zdroj POL"]
[Date "2001.08.17"]
[Round "2"]
[White "Zozulia,A"]
[Black "Czakon,J"]
[Result "1-0"]
[WhiteElo "2339"]
[BlackElo "2118"]

1.e4 c5 2.Nf3 e6 3.d4 cxd4 4.Nxd4 a6 5.Nc3 b5 6.Bd3 Qb6 7.Nb3 Qc7 8.O-O Nf6
9.Qe2 d6 10.f4 Nc6 11.Be3 Be7 12.a4 b4 13.Nd1 e5 14.f5 d5 15.exd5 Nxd5 16.Bc4 Nb6
17.a5 Nxc4 18.Qxc4 O-O 19.Bb6 Qb7 20.Ne3 Bd7 21.Nd5 Rac8 22.f6 gxf6 23.Qe4 Qa8
24.Bc5 Bxc5+ 25.Nxc5 f5 26.Nf6+ Kg7 27.Qh4 Qa7 28.Qg5+ Kh8 29.Qh6 Qxc5+ 30.Kh1  1-0

[Event "TCh-Rep. Srpska"]
[Site "Jahorina BIH"]
[Date "2001.08.18"]
[Round "8"]
[White "Benderac,S"]
[Black "Talic,M"]
[Result "1-0"]
[WhiteElo "2365"]
[BlackElo "2275"]

1.e4 c5 2.Nf3 e6 3.d4 cxd4 4.Nxd4 a6 5.Nc3 Qc7 6.Be2 Nf6 7.O-O Nc6 8.Kh1 Nxd4
9.Qxd4 Bc5 10.Qd2 O-O 11.Qg5 Bd4 12.Bf4 e5 13.Bd2 Bxc3 14.Bxc3 Nxe4 15.Bxe5 Nxg5
16.Bxc7 d5 17.Bd3 b5 18.c3 Bd7 19.Rfe1 Rfe8 20.Kg1 Rac8 21.Rxe8+ Rxe8 22.f3 f6
23.Kf2 g6 24.Rd1 Ne6 25.Bb6 Bc6 26.Bc2 Re7 27.Be3 Kf7 28.Bb3 Rd7 29.g4 a5
30.a3 a4 31.Ba2 f5 32.gxf5 gxf5 33.Bd4 Nxd4 34.Rxd4 Kf6 35.Bb1 Ke5 36.f4+ Kf6
37.Bd3 Rg7 38.Be2 Ke6 39.Rd1 Re7 40.Bf3 Kd6 41.Re1 Kd7 42.Rxe7+ Kxe7 43.Ke3 Kd6
44.Kd4 Bb7 45.Bd1 Bc8 46.Be2 Bd7 47.Bd3 h6 48.h3 Kc6 49.Ke5 Kc5 50.Bxf5 Bxf5
51.Kxf5 Kc4 52.Ke5 Kb3 53.f5 Kxb2 54.f6  1-0

[Event "Rubinstein Open"]
[Site "Polanica Zdroj POL"]
[Date "2001.08.18"]
[Round "3"]
[White "Glazik,M"]
[Black "Kunicki,M"]
[Result "0-1"]
[WhiteElo "2151"]
[BlackElo "2026"]

1.e4 c5 2.Nf3 e6 3.Nc3 a6 4.d4 cxd4 5.Nxd4 Qc7 6.Be2 b5 7.Bf3 Bb7 8.O-O Nc6
9.Nxc6 dxc6 10.Qe2 Bd6 11.g3 Be5 12.Bg2 Nf6 13.Kh1 Bd4 14.Nd1 Rd8 15.c3 Bb6
16.Bg5 h6 17.Bxf6 gxf6 18.Ne3 c5 19.Qh5 Qe5 20.Ng4 Qxh5 21.Nxf6+  0-1

[Event "WJun Women"]
[Site "Athens GRE"]
[Date "2001.08.19"]
[Round "4"]
[White "Paehtz,E"]
[Black "Charkhalashvili,I"]
[Result "1/2-1/2"]
[WhiteElo "2383"]
[BlackElo "2278"]

1.e4 c5 2.Nf3 e6 3.d4 cxd4 4.Nxd4 a6 5.Nc3 Qc7 6.Bd3 Nc6 7.Be3 Nf6 8.O-O b5
9.Nxc6 dxc6 10.a4 b4 11.Nb1 c5 12.Nd2 Bb7 13.Qe2 g6 14.b3 Bg7 15.Rad1 O-O
16.f4 Rfd8 17.Qf3 Rd7 18.Nc4 Rad8 19.Rd2 Ne8  1/2-1/2

[Event "I American Continental"]
[Site "Cali COL"]
[Date "2001.08.19"]
[Round "10"]
[White "Uribe,M"]
[Black "Barros,R"]
[Result "1-0"]
[WhiteElo "2337"]
[BlackElo "2088"]

1.e4 c5 2.Nf3 e6 3.d4 cxd4 4.Nxd4 a6 5.Nc3 Qc7 6.Bd3 Nf6 7.Be3 Nc6 8.O-O Be7
9.f4 Nxd4 10.Bxd4 Bc5 11.Be2 d6 12.Kh1 O-O 13.Bxf6 gxf6 14.Bd3 Kh8 15.Qh5 Rg8
16.Rf3 b5 17.Qh4 Qd8 18.Rh3 Rg7 19.e5 Bb7 20.Be4 fxe5 21.Bxb7 Qxh4 22.Rxh4 Ra7
23.Bf3 Bd4 24.fxe5 Bxe5 25.a4 Rc7 26.axb5 axb5 27.Be4 f5 28.Bd3 Bxc3 29.bxc3 Rxc3
30.Ra6 Rd7 31.Rh6 b4 32.Rb6 Rdc7 33.Kg1 b3 34.Rxb3 Rxb3 35.cxb3 Rc3 36.Be2 e5
37.Rxd6 Rxb3 38.Rd5 Re3 39.Kf2 f4 40.Rd3 Re4 41.Rd8+ Kg7 42.Rd7+ Kf8 43.Rxh7 Rb4
44.Kf3 Rb3+ 45.Kg4 Re3 46.Bf3 Kg8 47.Ra7 Re1 48.Ra6 Kg7 49.Kf5 Rh1 50.h3 Re1
51.Re6  1-0

[Event "14th Kieler Open"]
[Site "Kiel GER"]
[Date "2001.08.19"]
[Round "3"]
[White "Lampe,D"]
[Black "Bunk,K"]
[Result "1-0"]
[WhiteElo "2296"]
[BlackElo "2124"]

1.e4 c5 2.Nf3 e6 3.Nc3 a6 4.d4 cxd4 5.Nxd4 Qc7 6.Be2 b5 7.O-O Bb7 8.Re1 d6
9.Bh5 g6 10.Bg4 b4 11.Nd5 exd5 12.exd5+ Be7 13.Qf3 Qc5 14.Rxe7+ Kxe7 15.Bg5+ f6
16.Re1+ Kf7 17.Qe4 Nd7 18.Qe6+ Kf8 19.Bh6+  1-0

[Event "Rubinstein Open"]
[Site "Polanica Zdroj POL"]
[Date "2001.08.21"]
[Round "6"]
[White "Grabarska,B"]
[Black "Gritsak,O"]
[Result "0-1"]
[WhiteElo "2253"]
[BlackElo "2499"]

1.e4 c5 2.Nf3 e6 3.Nc3 a6 4.d4 cxd4 5.Nxd4 Qc7 6.Be2 Nf6 7.O-O Nc6 8.Kh1 d6
9.Be3 Bd7 10.f4 b5 11.a3 Be7 12.Qe1 O-O 13.Qg3 Kh8 14.Rae1 Rae8 15.Bd3 g6
16.f5 Nxd4 17.Bxd4 e5 18.Be3 gxf5 19.exf5 Rg8 20.Bg5 Bc6 21.h4 Bd8 22.Qe3 Qb7
23.Ne4 Nxe4 24.Bxe4 f6 25.Bh6 d5 26.Bf3 d4 27.Bxc6 Qxc6 28.Qe4 Qxe4 29.Rxe4 Be7
30.g4 Rc8 31.Rf2 Rc6 32.Rg2 Bf8 33.Bxf8 Rxf8 34.Rf2 h6 35.Kg2 Rfc8 36.Ree2 Rc4
37.Kf3 Kg7 38.Rg2 b4 39.a4 b3 40.cxb3 Rb4 41.g5 hxg5 42.hxg5 d3 43.Rd2 fxg5
44.Ke3 Rxb3 45.Rxd3 Rxd3+ 46.Kxd3 Kf6 47.Rf2  0-1

[Event "Rubinstein Open"]
[Site "Polanica Zdroj POL"]
[Date "2001.08.21"]
[Round "6"]
[White "Stoma,P"]
[Black "Jedryczka,K"]
[Result "1/2-1/2"]
[WhiteElo "2193"]
[BlackElo "2330"]

1.e4 c5 2.Nc3 e6 3.Nf3 a6 4.d4 cxd4 5.Nxd4 Qc7 6.Be3 Nf6 7.Bd3 b5 8.f4 b4
9.Na4 Bb7 10.Nb3 Nxe4 11.Nb6 Ra7 12.Nc8 Ra8 13.Nb6 Ra7 14.Nc8  1/2-1/2

[Event "ch-FRA Women"]
[Site "Marsailles FRA"]
[Date "2001.08.22"]
[Round "10"]
[White "Te Llalemand,R"]
[Black "Flear,C"]
[Result "1-0"]
[WhiteElo "2347"]
[BlackElo "2146"]

1.e4 c5 2.Nf3 e6 3.d4 cxd4 4.Nxd4 a6 5.Nc3 Qc7 6.Be2 Nf6 7.O-O Bb4 8.Qd3 Nc6
9.Nxc6 dxc6 10.f4 O-O 11.e5 Bxc3 12.Qxc3 Nd5 13.Qh3 f5 14.exf6 Nxf6 15.Qg3 c5
16.b3 Bd7 17.Bb2 Bc6 18.Qe3 Qe7 19.Rad1 Nd5 20.Qg3 Qf7 21.f5 Qe7 22.fxe6 b5
23.Bh5 Nf6 24.Bf7+ Kh8 25.Rxf6 gxf6 26.Qg5  1-0

[Event "Rubinstein Open"]
[Site "Polanica Zdroj POL"]
[Date "2001.08.22"]
[Round "7"]
[White "Polivanov,A"]
[Black "Kunicki,M"]
[Result "1-0"]
[WhiteElo "2319"]
[BlackElo "2026"]

1.e4 c5 2.Nf3 e6 3.d4 cxd4 4.Nxd4 a6 5.Nc3 Qc7 6.g3 Bb4 7.Bd2 Nc6 8.Nb3 Nf6
9.Bg2 b5 10.O-O Bb7 11.Bf4 Ne5 12.Qd4 Bxc3 13.bxc3 d6 14.Rfd1 Rd8 15.a4 Nh5
16.axb5 axb5 17.Bxe5 dxe5 18.Qb4 Rxd1+ 19.Rxd1 Nf6 20.Na5 Bc6 21.Nxc6 Qxc6
22.Bf1  1-0

[Event "WJun"]
[Site "Athens GRE"]
[Date "2001.08.24"]
[Round "8"]
[White "Zambrana,O"]
[Black "Neiksans,A"]
[Result "0-1"]
[WhiteElo "2301"]
[BlackElo "2435"]

1.e4 c5 2.Nf3 e6 3.d4 cxd4 4.Nxd4 a6 5.Nc3 b5 6.Qf3 Bb7 7.Bd3 Nf6 8.O-O Qb6
9.Nce2 Nc6 10.Nxc6 Bxc6 11.Bg5 Be7 12.Rae1 h6 13.Be3 Qb7 14.Ng3 h5 15.Bd4 h4
16.Nh1 d6 17.Qe2 e5 18.Bc3 Nh5 19.f3 Nf4 20.Qd2 Bg5 21.Qf2 h3 22.g3 Ng2 23.Re2 Bd8
24.Bd2 Bb6 25.Be3 Nxe3 26.Rxe3 f6 27.Rfe1 d5 28.Kf1 O-O-O 29.Qd2 Bxe3 30.Qxe3 dxe4
31.fxe4 Kb8 32.Nf2 Qa7 33.Ke2 Qxe3+ 34.Kxe3 Kb7 35.Rg1 Bd7 36.g4 Be6 37.b3 Kb6
38.Kf3 g6 39.Ke3 Rdf8 40.Rg3 Kc5 41.Rg1 Rhg8 42.Ke2 Rh8 43.Ke3 Kd6 44.a3 Rh4
45.Rd1 Ke7 46.Rg1 Rf7 47.Rg3 Rh8 48.Rg1 f5 49.gxf5 gxf5 50.exf5 Bxf5 51.Ne4 Bxe4
52.Bxe4 Rh6 53.Rg5 Kd6 54.c4 bxc4 55.bxc4 Rf8 56.c5+ Kxc5 57.Rxe5+ Kb6 58.a4 Rf1
59.a5+ Kc7 60.Rc5+ Kd7 61.Ke2 Ra1 62.Kf3 Rh4 63.Bb7 Ra3+ 64.Kf2 Rh6 65.Rf5 Ke7
66.Bf3 Rf6 67.Re5+ Kd6 68.Re3 Rxe3 69.Kxe3 Kc5 70.Bg4 Rh6 71.Kf4 Kb4 72.Kg3 Kxa5
73.Bxh3 Rxh3+  0-1

[Event "VI Cup GM"]
[Site "Paks HUN"]
[Date "2001.08.24"]
[Round "7"]
[White "Sprenger,J"]
[Black "Kustar,S"]
[Result "1-0"]
[WhiteElo "2433"]
[BlackElo "2409"]

1.e4 c5 2.Nf3 e6 3.d4 cxd4 4.Nxd4 a6 5.Nc3 b5 6.Bd3 Qb6 7.Nf3 Bb7 8.O-O d6
9.a4 b4 10.a5 Qc7 11.Na4 Nd7 12.Be3 Ngf6 13.Nb6 Rb8 14.Nd2 Be7 15.Qe2 O-O
16.Nxd7 Nxd7 17.Bxa6 Bxa6 18.Qxa6 Qxc2 19.Rac1 Qxb2 20.Qa7 Rfd8 21.Nc4 Qf6
22.Nb6 Ne5 23.a6 d5 24.Qxb8 Rxb8 25.a7 Rd8 26.Rc8 Nf3+ 27.gxf3 Qg6+ 28.Kh1 Qh5
29.Rfc1  1-0

[Event "Rubinstein Open"]
[Site "Polanica Zdroj POL"]
[Date "2001.08.24"]
[Round "9"]
[White "Barglowski,F"]
[Black "Gratka,K"]
[Result "1/2-1/2"]
[WhiteElo "2206"]
[BlackElo "2307"]

1.e4 c5 2.Nf3 e6 3.d4 cxd4 4.Nxd4 a6 5.Nc3 Qc7 6.Bd3 Nf6 7.O-O Nc6 8.Nxc6 bxc6
9.f4 d5 10.e5 Nd7 11.Be3 c5 12.Bf2 Be7 13.Qg4 g6 14.Bh4 h5 15.Qg3 Bxh4 16.Qxh4 c4
17.Be2 Qb6+ 18.Kh1 Qxb2 19.Qh3 Qxc2 20.Rac1 Qb2  1/2-1/2

[Event "Open"]
[Site "Lisbon POR"]
[Date "2001.08.26"]
[Round "6"]
[White "Lima,P"]
[Black "Fernandez Vicente,C"]
[Result "1-0"]
[WhiteElo "2054"]
[BlackElo "2198"]

1.e4 c5 2.Nf3 e6 3.d4 cxd4 4.Nxd4 a6 5.Nc3 Nc6 6.Be3 Qc7 7.Bd3 b5 8.O-O Bb7
9.Kh1 Nf6 10.a3 Bd6 11.Nxc6 Qxc6 12.f4 b4 13.axb4 Bxb4 14.Ra4 a5 15.Bb5 Qc7
16.e5 Nd5 17.Bd4 Bc6 18.Nxd5 Bxd5 19.c3 Be7 20.f5 Qb7 21.Qe2 exf5 22.Rxf5 O-O
23.Bd3 Qb3 24.Rh5 g6 25.Ra1 Be6 26.Be3 Rfc8 27.Rxh7 Bc4 28.Bxc4 Qxc4 29.Qxc4 Rxc4
30.Rh3 Bf8 31.Bd4 Bg7 32.b3 Rc6 33.Re3 d6 34.exd6 Bxd4 35.cxd4 Rxd6 36.Rd3 Rd5
37.Kg1 Rc8 38.Rad1 f5 39.Kf2 Rc2+ 40.R1d2 Rc1 41.h3 Rb1 42.Rc2 Kf7 43.Rc7+ Kf6
44.Rc6+ Kf7 45.Ra6 Rb5 46.Rc3 Rb2+ 47.Kg1 Re2 48.Rc7+ Re7 49.Rcc6 Rxb3 50.Rxg6 a4
51.Rgf6+ Kg7 52.Rxf5 a3 53.Rfa5 Re1+ 54.Kh2 Ree3 55.d5 Kf7 56.d6 Ke6 57.Rh5 a2
58.Rh6+ Kf5 59.Rxa2 Kg5 60.Rh7 Red3 61.Ra6 Rd2 62.d7 Rbb2 63.Rg7+ Kh5 64.Ra8 Kh6  1-0

[Event "WJun"]
[Site "Athens GRE"]
[Date "2001.08.27"]
[Round "11"]
[White "Zenklusen,R"]
[Black "Karttunen,M"]
[Result "1/2-1/2"]
[WhiteElo "2220"]
[BlackElo "2466"]

1.e4 c5 2.Nf3 e6 3.d4 cxd4 4.Nxd4 a6 5.Nc3 Qc7 6.g3 Nf6 7.Bg2 Nc6 8.O-O Bc5
9.Nxc6 dxc6 10.Na4 Be7 11.e5 Nd7 12.f4 b5 13.Nc3 Bb7 14.Ne4 g6 15.Be3 c5
16.Nd6+ Bxd6 17.Bxb7 Qxb7 18.Qxd6 Rc8 19.Rfd1 Rc6 20.Qd2 Qc7 21.a4 b4 22.c4 Nb6
23.b3 O-O 24.Qf2 f6 25.exf6 Nd7 26.Bc1 e5 27.Bb2 exf4 28.Qxf4 Qxf4 29.gxf4 Nxf6
30.Be5 Re6 31.Rd6 Rfe8 32.Rad1 Ne4 33.Rxe6 Rxe6 34.Kg2 Kf7  1/2-1/2

[Event "Caissa IM"]
[Site "Miercurea Ciuc ROM"]
[Date "2001.08.27"]
[Round "8"]
[White "Vajda,Al"]
[Black "Lutz,Tho"]
[Result "1/2-1/2"]
[WhiteElo "2405"]
[BlackElo "2093"]

1.e4 c5 2.Nf3 e6 3.d4 cxd4 4.Nxd4 a6 5.Nc3 Qc7 6.Be3 Nf6 7.f3 Be7 8.g4 b5
9.Qd2 Bb7 10.Nb3 d5 11.g5 b4 12.Nxd5 Nxd5 13.exd5 Bxd5 14.Bg2 Nd7 15.f4 Bxg2
16.Qxg2 Rc8 17.O-O-O a5 18.Nd4 a4 19.Nb5 Qc4 20.Na7 Rc7 21.Rd4 Qxa2 22.Qa8+ Bd8
23.Nb5 O-O 24.Nxc7  1/2-1/2

[Event "21st Open"]
[Site "Bratto ITA"]
[Date "2001.08.28"]
[Round "7"]
[White "Agnelli,F"]
[Black "Schaefer,Mi"]
[Result "1-0"]
[WhiteElo "2132"]
[BlackElo "2240"]

1.e4 c5 2.Nf3 e6 3.d4 cxd4 4.Nxd4 a6 5.Nc3 Nc6 6.Be3 Nge7 7.Nb3 b5 8.Qd2 Ng6
9.f4 d6 10.O-O-O Qc7 11.h4 Be7 12.Qf2 Nf8 13.Be2 Nd7 14.f5 O-O 15.g4 Bb7
16.Kb1 b4 17.Na4 Nce5 18.Bd3 Nxg4 19.Qg3 Nxe3 20.Qxe3 Bc6 21.fxe6 fxe6 22.Nd4 Bxa4
23.Nxe6 Qc8 24.Rhg1 Rf7 25.Qh6 Bf8 26.e5 g6 27.Rxg6+ Kh8 28.Rg7 Rxg7 29.Nxg7 Bxc2+
30.Bxc2 Qxc2+ 31.Kxc2 Rc8+ 32.Kb1 Bxg7 33.Qe6  1-0

[Event "VI Cup GM"]
[Site "Paks HUN"]
[Date "2001.08.28"]
[Round "11"]
[White "Sprenger,J"]
[Black "Arnold,L"]
[Result "1-0"]
[WhiteElo "2433"]
[BlackElo "2408"]

1.e4 c5 2.Nf3 e6 3.d4 cxd4 4.Nxd4 a6 5.Nc3 Qc7 6.Bd3 Nc6 7.Be3 Nf6 8.O-O Ne5
9.h3 Bc5 10.Kh1 d6 11.f4 Ng6 12.Qe1 O-O 13.f5 Ne5 14.Qh4 b5 15.a3 Qa7 16.Nce2 Bd7
17.Rad1 Rae8 18.Bg1 Kh8 19.c3 Nxd3 20.Rxd3 e5 21.Nf3 d5 22.Ng5 Bxg1 23.Nxg1 h6
24.exd5 e4 25.Rd4 e3 26.Ne2 Re5 27.Ng3 Qb8 28.Re1 Kg8 29.Nf3 Rxd5 30.Nh5 Nxh5
31.Rxd5 Ng3+ 32.Kg1 Nxf5 33.Qg4 Qc8 34.Nd4 g6 35.Nxf5 Bxf5 36.Qf4 Qe6 37.Re5 Qb3
38.R1xe3 Qxb2 39.Qxh6 Qc1+ 40.Kh2 Qd2 41.Rxf5  1-0

[Event "Open"]
[Site "Andorra AND"]
[Date "2001.08.30"]
[Round "1"]
[White "Bonnet,E1"]
[Black "Miezis,N"]
[Result "1-0"]
[WhiteElo "2182"]
[BlackElo "2596"]

1.e4 c5 2.Nf3 e6 3.d4 cxd4 4.Nxd4 a6 5.Nc3 Qc7 6.Bd3 Nc6 7.Be3 Nf6 8.O-O h5
9.h3 Nxd4 10.Bxd4 Bc5 11.Be2 Qd6 12.Bxc5 Qxc5 13.Qd3 b5 14.a3 Bb7 15.Rfe1 Qe5
16.Bf1 Rc8 17.Rad1 Rc5 18.Qe3 g5 19.Nd5 Rc8 20.Qb6 Rb8 21.Qc5 exd5 22.exd5 Ne4
23.Qd4 Qxd4 24.Rxd4 Ke7 25.Rdxe4+ Kd6 26.c4 bxc4 27.Bxc4 f6 28.b3 a5 29.a4 Rhf8
30.f3 Rbc8 31.Re7 h4 32.Kf2 Rc5 33.Bb5 Rc7 34.R7e3 Rc2+ 35.R1e2 Rxe2+ 36.Kxe2 Rc8
37.Bc4 f5 38.Kd3 f4 39.Re2 Bxd5 40.Kd4 Be6 41.Bxe6 dxe6 42.Re5 Rb8 43.Rxg5 Rxb3
44.Rxa5 Re3 45.Rh5 Re2 46.Rxh4 e5+ 47.Kc4 Rc2+ 48.Kd3 Rxg2 49.Ke4 Re2+ 50.Kf5 Re3
51.Rh6+ Kd5 52.Rh8 Kc4 53.Re8 Kd4 54.h4 Re1 55.a5 Re3 56.a6 Ra3 57.Rxe5 Rxa6
58.Kxf4 Ra1 59.h5 Rf1 60.Rf5 Rh1 61.Kg5 Rg1+ 62.Kf6 Rh1 63.Kg6 Ke3 64.h6 Rg1+
65.Kf7 Rh1 66.Rf6 Kd4 67.f4 Ke4 68.Kg7 Rg1+ 69.Rg6 Ra1 70.h7 Ra7+ 71.Kh6 Ra8
72.Rg8 Ra6+ 73.Kg5 Ra5+ 74.Kg4  1-0

[Event "IX Open"]
[Site "Albacete ESP"]
[Date "2001.08.31"]
[Round "2"]
[White "Alcazar Jimenez,J"]
[Black "Oratovsky,M"]
[Result "0-1"]
[WhiteElo "2221"]
[BlackElo "2493"]

1.e4 c5 2.Nf3 e6 3.d4 cxd4 4.Nxd4 a6 5.Nc3 b5 6.g3 Bb7 7.Bg2 Nf6 8.Qe2 Bc5
9.Nb3 Be7 10.O-O Qc7 11.e5 Bxg2 12.Kxg2 Qb7+ 13.Kg1 Nd5 14.Nxd5 Qxd5 15.Rd1 Qb7
16.Qg4 Nc6 17.Qxg7 O-O-O 18.Bf4 h5 19.Qxf7 Rdf8 20.Qg6 Rf5 21.Nd4 Nxd4 22.Rxd4 Bc5
23.Rd3 h4 24.Qg4 Qe4 25.Qg7 Rd8 26.Qh6 hxg3 27.hxg3 Qe2 28.Be3 Rh5 29.Qf4 Rdh8
30.Qe4 Qxc2 31.Rc1 Rh1+ 32.Qxh1 Rxh1+ 33.Kxh1 Qxd3 34.Rxc5+ Kb7 35.Kg2 Qb1
36.g4 Qxb2 37.g5 Qxa2  0-1

[Event "ch-ISL"]
[Site "Strandgotu ISL"]
[Date "2001.08.31"]
[Round "1"]
[White "Bjornsson,S"]
[Black "Stefansson,H"]
[Result "0-1"]
[WhiteElo "2297"]
[BlackElo "2586"]

1.e4 c5 2.d4 e6 3.Nf3 cxd4 4.Nxd4 a6 5.Nc3 Qc7 6.Be2 Nf6 7.O-O Be7 8.Be3 d6
9.f4 b5 10.a3 Bb7 11.Bd3 Nbd7 12.Kh1 O-O 13.Qf3 Nc5 14.Rae1 Nfd7 15.Qg3 Rfe8
16.f5 Bf6 17.fxe6 fxe6 18.Nde2 Qd8 19.Nf4 Ne5 20.Rd1 Qe7 21.Qh3 g6 22.b4 Nexd3
23.cxd3 Bxc3 24.bxc5 dxc5 25.Rc1 Bd4 26.Bxd4 cxd4 27.Nxe6 Bc8 28.Rc7 Qxc7
29.Nxc7 Bxh3 30.Nxe8 Rxe8 31.gxh3 Rf8 32.Rc1 Rf3 33.Rc6 a5 34.Rc5 Rxd3 35.Rxb5 Rxa3
36.Kg2 a4 37.Rd5 Rd3 38.Ra5 a3 39.Ra7 Rd2+ 40.Kg3 a2 41.Kf4 Rf2+ 42.Ke5 d3
43.Ke6 Rc2  0-1

[Event "EYCC G16"]
[Site "Halkidiki GRE"]
[Date "2001.09.01"]
[Round "2"]
[White "Bednikova,S"]
[Black "Igla,B"]
[Result "1/2-1/2"]
[WhiteElo "2255"]
[BlackElo "2088"]

1.e4 c5 2.Nf3 e6 3.Nc3 a6 4.d4 cxd4 5.Nxd4 b5 6.a3 Bb7 7.Be3 Nf6 8.Bd3 Be7
9.O-O d6 10.f4 O-O 11.Qf3 Nbd7 12.Nb3 Qc7 13.Kh1 Rac8 14.Rae1 Nc5 15.f5 e5
16.Nxc5 dxc5 17.Nd5 Bxd5 18.exd5 c4 19.Be4 c3 20.bxc3 Qxc3 21.Bc1 Nxe4 22.Qxe4 f6
23.d6  1/2-1/2

[Event "3rd Open"]
[Site "Glyfada GRE"]
[Date "2001.09.02"]
[Round "3"]
[White "Papastavropoulos,A"]
[Black "Managadze,N"]
[Result "0-1"]
[WhiteElo "2187"]
[BlackElo "2420"]

1.e4 c5 2.Nf3 e6 3.d4 cxd4 4.Nxd4 a6 5.Nc3 Qc7 6.a3 Nc6 7.Nb3 b5 8.g3 Nf6
9.Bg2 Bb7 10.Bf4 d6 11.O-O Ne5 12.Nd2 Be7 13.Qe2 O-O 14.h3 Rac8 15.Rfe1 Nfd7
16.Be3 Nb6 17.Bxb6 Qxb6 18.Kh2 Nc4 19.Nxc4 Rxc4 20.f4 Rfc8 21.f5 Bf6 22.fxe6 fxe6
23.Qg4 Re8 24.Qh5 Re7 25.Rad1 Be5 26.Rf1 Qc7 27.Rd3 g6 28.Qg5 Rf7 29.Rxf7 Kxf7
30.Rf3+ Ke8 31.h4 Qe7 32.Qh6 Bxe4 33.Nxe4 Rxe4 34.Kh3 Re2 35.Rf1 d5 36.Bf3 Rxc2
37.Re1 Qf6 38.Qe3 Bxb2 39.Bg4 e5 40.Qa7 Qf2 41.Qd7+ Kf8 42.Qd6+ Kg7 43.Be2 Qc5
44.Qd7+ Kh6 45.Rf1 Qc8 46.Bg4 Qxd7 47.Bxd7 Kg7 48.Be6 Rc7 49.Bxd5 Bxa3 50.g4 b4
51.g5 b3 52.Rf6 b2 53.Rb6 a5 54.Rb8 h6 55.Rg8+ Kh7 56.Rb8 hxg5 57.hxg5 Bb4
58.Ba2 e4 59.Kg3 Rc2 60.Kh3 Rh2+  0-1

[Event "EYCC B18"]
[Site "Halkidiki GRE"]
[Date "2001.09.02"]
[Round "3"]
[White "Mastrovasilis,D"]
[Black "Perez Candelario,M"]
[Result "1/2-1/2"]
[WhiteElo "2435"]
[BlackElo "2376"]

1.e4 c5 2.Nf3 e6 3.d4 cxd4 4.Nxd4 a6 5.Nc3 b5 6.g3 b4 7.Na4 Bb7 8.Bg2 Nf6
9.Qe2 Qa5 10.b3 Nc6 11.Be3 Nxd4 12.Bxd4 Qb5 13.Qd3 Be7 14.O-O h5 15.Rfe1 e5
16.Bb2 h4 17.a3 hxg3 18.hxg3 bxa3 19.c4 Qa5 20.Bc3 Qc7 21.Qd2 Bc6 22.Bb4 Bxa4
23.Bxe7 Kxe7 24.Qb4+ d6 25.Qxa4 a5 26.Qxa3 Qb6 27.Reb1 Qb4 28.Qc1 Rhb8 29.Ra4 Qc5
30.Qd2 Rb4 31.Rba1 Rxa4 32.Rxa4 Qb6 33.b4 Rb8 34.bxa5 Qb1+ 35.Bf1 Nxe4 36.Qd3 Qxd3
37.Bxd3 Nc5 38.Ra3 e4 39.Bxe4 Nxe4 40.Re3 Rb1+ 41.Kg2 Ra1 42.Rxe4+ Kf6 43.Rd4 Ke6
44.Rd5 Ra4 45.Rb5 Rxc4 46.a6 Ra4 47.Rb6 g5 48.Kf3 f5 49.Ke2 Kd5 50.Rb5+ Ke6
51.Rb6 Kd5 52.Rb5+ Ke6 53.Rb6  1/2-1/2

[Event "IX Open"]
[Site "Albacete ESP"]
[Date "2001.09.03"]
[Round "6"]
[White "Gofshtein,Z"]
[Black "Hellsten,J"]
[Result "0-1"]
[WhiteElo "2518"]
[BlackElo "2471"]

1.e4 c5 2.Nf3 e6 3.Nc3 a6 4.d4 cxd4 5.Nxd4 Qc7 6.Be2 b5 7.O-O Bb7 8.Re1 Nc6
9.Nxc6 dxc6 10.e5 Rd8 11.Bd3 c5 12.Qh5 g6 13.Qh3 Bg7 14.a4 b4 15.Ne4 Bxe5
16.Bg5 Rd7 17.Rad1 h6 18.Be3 c4 19.Nc5 cxd3 20.Nxd7 Qxd7 21.Bb6 Qc6 22.Rxd3 Qxb6
23.Rxe5 Ne7 24.Qe3 Qxe3 25.Rexe3 Nd5 26.Re4 Ke7 27.Rc4 Rc8 28.Rxc8 Bxc8 29.f3 Bd7
30.b3 Kd6 31.g4 g5 32.Kg2 Kc5 33.Kf2 f6 34.Ke1 Be8 35.Kd2 h5  0-1

[Event "EYCC B18"]
[Site "Halkidiki GRE"]
[Date "2001.09.04"]
[Round "5"]
[White "Stojanovski,D"]
[Black "Kritz,L"]
[Result "0-1"]
[WhiteElo "2417"]
[BlackElo "2423"]

1.e4 c5 2.Nf3 e6 3.d4 cxd4 4.Nxd4 a6 5.Nc3 Qc7 6.Bd3 Nc6 7.Be3 Nf6 8.O-O Nxd4
9.Bxd4 Bc5 10.Be2 Qd6 11.Bxc5 Qxc5 12.Qd3 b5 13.Qg3 O-O 14.e5 Ne8 15.Bf3 Rb8
16.Ne4 Qc7 17.Rad1 Rb6 18.Rd2 f6 19.Nxf6+ Nxf6 20.exf6 Qxg3 21.f7+ Kxf7 22.hxg3 Ke7
23.Be4 h6 24.f4 d5 25.Bd3 b4 26.Re1 Kd6 27.f5 e5 28.Be4 Bb7 29.Red1 Rb5 30.c4 bxc3
31.bxc3 Rc8 32.c4 Rxc4 33.Bd3 Rc3 34.Bxb5 axb5 35.Rd3 Rc4 36.Rb3 Kc5 37.Rf3 d4
38.f6 gxf6 39.Rxf6 Rc2 40.Rf2 Rc3 41.Rf5 Re3 42.Kf2 Kc4 43.Re1 Rxe1 44.Kxe1 e4
45.Ke2 Bc8 46.Rf4 e3 47.g4 Kc3 48.a3 Be6 49.Kf3 Bd5+ 50.Ke2 Bc4+ 51.Kf3 e2  0-1